Layers of the Earth and Atmosphere Map Quiz - Statistics

General Stats
  • This quiz has been taken 174 times
  • The average score is 7 of 9
Answers on the Map
Answers color-coded by a green-red scale on the quiz's map according to % correct below.
 
Answer Stats
Answer % Correct
Outer Core
91%
Inner Core
90%
Crust
87%
Mantle
85%
Thermosphere
69%
Stratosphere
67%
Exosphere
65%
Troposphere
59%
Mesosphere
56%
No matching quizzes found
Score Distribution
Percent of People with Each Score
Percentile by Number Answered
Your Score History
You have not taken this quiz